LEADER 01062nam0-2200349---450- 001 990009922730403321 005 20141204161606.0 010 $a88-7092-212-X 035 $a000992273 035 $aFED01000992273 035 $a(Aleph)000992273FED01 035 $a000992273 100 $a20141204d2003----km-y0itay50------ba 101 0 $aita 102 $aIT 105 $ay-------001yy 200 1 $a<>casi di Napoli dal 29 gennaio 1848 in poi$elettere politiche$fGiuseppe Massari$ga cura di Luigi Parente 210 $aNapoli$cM. D'Auria$d2003 215 $aXXXI, 292 p.$d21 cm 225 1 $aBiblioteca M. D'Auria 300 $aRist. anast. dell'ed. Vecchi, 1895 610 0 $aNapoli$aPolitica$aSec. 19. 676 $a945.7083$v22$zita 700 1$aMassari,$bGiuseppe$f<1821-1884>$079962 702 1$aParente,$bLuigi 801 0$aIT$bUNINA$gREICAT$2UNIMARC 901 $aBK 912 $a990009922730403321 952 $aXIV B 564$b52238$fFSPBC 959 $aFSPBC 996 $aCasi di Napoli dal 29 gennaio 1848 in poi$9830960 997 $aUNINA LEADER 01183nam--2200337---450 001 990000502630203316 005 20200610073632.0 035 $a0050263 035 $aUSA010050263 035 $a(ALEPH)000050263USA01 035 $a0050263 100 $a20010611d1990----km-y0itay0103----ba 101 $aita 102 $aIT 105 $a||||||||001yy 200 1 $aDalla bottegha allo scaffale$ebiblioteche, legature e legatorie nell'Italia meridionale dal 15. al 19. secolo 210 $aRoma$cIstituto poligrafico e Zecca dello Stato$d1990 215 $a144 p., 1 c. di tav.; 30 p. di tav.$cill.$d24 cm 225 2 $aI quaderni della Biblioteca nazionale di Napoli$hSer. 8$v1 410 $12001$aI quaderni della Biblioteca nazionale di Napoli$hSer. 8$v1 606 0 $aBiblioteche$yItalia meridionale$zSec. 15.-19. 606 0 $aRilegature$yItalia meridionale$zSec. 15.-19. 676 $a027.0457 801 0$aIT$bsalbc$gISBD 912 $a990000502630203316 951 $aI.2.B. 74 (XIII B 81)$b103193 LM$cXIII B 951 $aI.2.B. 74a$b236675 L.M.$cI.2.B.$d00305320 959 $aBK 969 $aUMA 996 $aDalla bottegha allo scaffale$9887378 997 $aUNISA LEADER 01961oam 2200505I 450 001 9910706577303321 005 20171117143038.0 035 $a(CKB)5470000002456672 035 $a(OCoLC)862793763 035 $a(EXLCZ)995470000002456672 100 $a20131110j200101 ua 0 101 0 $aeng 135 $aurbn||||a|a|| 181 $ctxt$2rdacontent 182 $cc$2rdamedia 183 $acr$2rdacarrier 200 10$aEHL transition temperature measurements on a Geostationary Operational Environmental Satellite (GOES) filter wheel bearing /$fMark J. Jansen [and four others] 210 1$aCleveland, Ohio :$cNational Aeronautics and Space Administration, Glenn Research Center,$dJanuary 2001. 215 $a1 online resource (5 pages) $cillustrations 225 1 $aNASA/TM ;$v2001-210670 300 $a"January 2001." 300 $a"Performing organization: National Aeronautics and Space Administration, John H. Glenn Research Center at Lewis Field"--Report documentation page. 320 $aIncludes bibliographical references (page 5). 517 $aEHL transition temperature measurements on a Geostationary Operational Environmental Satellite 606 $aElastohydrodynamics$2nasat 606 $aLubrication$2nasat 606 $aTemperature measurement$2nasat 606 $aTransition temperature$2nasat 606 $aGOES satellites$2nasat 615 7$aElastohydrodynamics. 615 7$aLubrication. 615 7$aTemperature measurement. 615 7$aTransition temperature. 615 7$aGOES satellites. 700 $aJansen$b Mark J.$01398017 712 02$aNASA Glenn Research Center, 801 0$bOCLCE 801 1$bOCLCE 801 2$bOCLCO 801 2$bOCLCQ 801 2$bGPO 906 $aBOOK 912 $a9910706577303321 996 $aEHL transition temperature measurements on a Geostationary Operational Environmental Satellite (GOES) filter wheel bearing$93460518 997 $aUNINA